Gemeinden von Murtal - Statistiken

Allgemein
  • Dieses Quiz wurde 189 mal gespielt
  • Das Durchschnittsergebnis liegt bei 13 aus 20
Antwortstatistiken
Einwohner Gemeinde % Korrekt
9.899 Judenburg
99%
12.623 Knittelfeld
96%
5.387 Spielberg
89%
7.066 Zeltweg
89%
2.971 Pöls-Oberkurzheim
83%
7.672 Fohnsdorf
77%
3.758 Obdach
70%
4.798 Weißkirchen in Steiermark
66%
1.378 Gaal
62%
843 St. Georgen ob Judenburg
62%
1.283 Seckau
58%
2.005 St. Marein-Feistritz
58%
1.322 Unzmarkt-Frauenburg
54%
394 Hohentauern
52%
2.604 Pölstal
51%
2.703 St. Margarethen bei Knittelfeld
49%
1.087 St. Peter ob Judenburg
44%
1.902 Kobenz
42%
1.859 Lobmingtal
41%
450 Pusterwald
41%
Keine übereinstimmenden Quizze gefunden
Verteilung der Resultate
Anzahl Personen mit jedem Resultat
Perzentil nach korrekt beantworteten Fragen
Ihre Resultats-Entwicklung
Sie haben dieses Quiz noch nicht gespielt